| 000 | 01200cam a2200337 i 4500 | ||
|---|---|---|---|
| 001 | 14383505 | ||
| 003 | EG-ScBUE | ||
| 005 | 20241215120632.0 | ||
| 008 | 060519t2006 gw a f b 001 0 eng d | ||
| 020 | _a3540345590 (acidfree paper) | ||
| 020 | _a9783540345596 (acidfree paper) | ||
| 040 |
_aEG-ScBUE _beng _erda _cEG-ScBUE _dEG-ScBUE |
||
| 082 | 0 | 4 |
_a519.6 _222 _bSCH |
| 100 | 1 |
_aSchneider, Johannes J. _q(Johannes Josef) _eauthor. _931664 |
|
| 245 | 1 | 0 |
_aStochastic optimization / _cJohannes J. Schneider, Scott Kirkpatrick. |
| 264 | 1 |
_aBerlin : _bSpringer, _c[2006] |
|
| 264 | 4 | _cc2006 | |
| 300 |
_axvi, 565 pages : _billustrations (some color) ; _c25 cm |
||
| 336 |
_2rdacontent _atext _btxt |
||
| 337 |
_aunmediated _2rdamedia _bn |
||
| 338 |
_avolume _bnc _2rdacarrier |
||
| 504 | _aIncludes bibliographical references and index. | ||
| 650 | 7 |
_aMathematical optimization. _2BUEsh _931666 |
|
| 650 | 7 |
_aStochastic processes. _2BUEsh _931667 |
|
| 653 | _cDecember2012 | ||
| 655 | _vReading book | ||
| 700 | 1 |
_aKirkpatrick, Scott, _eauthor. _931668 |
|
| 942 |
_2ddc _cBB |
||
| 999 |
_c17129 _d17101 |
||